Kultur und Kunst des vorgeschichtlichen Thrakiens

Bibliographic Details
Main Author: Nikolov, Vassil (Author)
Other Authors: Genov, Nikolaj (Photographer), Parpulova, Zlatka (Translator)
Format: Book
Language:German
Bulgarian
PhysicalDescription:167 s. fareb. fotogr. 30 cm
Published: Plovdiv Lettera-Verlag 2007
ISBN:9789545166532 (viaz.)
Edition:1. Aufl.
Subjects:

MARC

LEADER 00000nam a2200000 a 4500
001 vtls009158224
003 SK-MaSNL
005 20260301081331.0
008 240318s2007 bu o g 000 0 ger
020 |a 9789545166532 (viaz.) 
040 |a SNK  |b slo  |c SNK  |e AACR2 
041 1 |a ger  |h bul 
043 |a e-gr--- 
044 |a bu  |c BG 
072 7 |a 94(495/498)  |x Dejiny štátov a území na Balkánskom poloostrove2 konspekt  |2 konspekt 
072 7 |a 316.3  |x Globálne spoločnosti. Sociálna štruktúra. Sociálne skupiny  |2 konspekt 
080 |a (=295)  |2 2001 
080 |a 316.72/.75  |2 2001 
080 |a (495+497.2+560)  |2 2001 
080 |a (084.11)  |2 2001 
100 1 |a Nikolov, Vassil  |4 aut  |9 404456 
245 1 0 |a Kultur und Kunst des vorgeschichtlichen Thrakiens  |c Vassil Nikolov ; [Fotos: Nikolaj Genov ; Übersetzung: Zlatka Parpulova] 
250 |a 1. Aufl. 
260 |a Plovdiv  |b Lettera-Verlag  |c 2007 
300 |a 167 s.  |b fareb. fotogr.  |c 30 cm 
504 |a Obsahuje bibliogr. 
650 0 7 |a Tráci  |2 SNKPH  |9 101562 
650 0 7 |a kultúra a spoločnosť  |2 SNKPH  |9 4083 
651 7 |a Trácia (Grécko)  |2 SNKPHgeo  |9 404457 
655 7 |a obrazové publikácie  |2 SNKPH  |9 70343 
700 1 |a Genov, Nikolaj  |4 pht  |9 404458 
700 1 |a Parpulova, Zlatka  |4 trl  |9 401463 
919 |a 978-954-516-653-2 
999 |c 655608  |d 657538 
952 |t snkNIK 94(495)  |a SNKUST  |b SNKUST  |y PREZ  |7 0  |p 17A0567956  |o snkIB 71661  |i snk2007/25212  |8 2  |g 104.39  |0 0  |1 0  |4 0  |d 2007-11-12  |l 0  |r 2025-05-28 00:00:00  |w 2026-02-23